| 000 | 00471nam a2200193Ia 4500 | ||
|---|---|---|---|
| 008 | 170918s9999 xx 000 0 und d | ||
| 020 | _a439063655 | ||
| 050 | _bL931 1997 | ||
| 100 | _aLucado, Max | ||
| 245 | _aYou are special / | ||
| 245 | _cMax Lucado ; illustrations by Sergio Martinez. | ||
| 260 | _aNew York : | ||
| 260 | _bScholastic, | ||
| 260 | _c1997 | ||
| 300 | _a31 pages : | ||
| 300 | _bcolored illustration ; | ||
| 300 | _c26cm. | ||
| 500 | _a480 | ||
| 999 |
_c341330 _d341330 |
||